Countries That End in D - Statistics

General Stats
  • This quiz has been taken 206 times
    173 since last reset
  • The average score is 6 of 8
Answer Stats
Country % Correct
Iceland
91%
Ireland
89%
Finland
87%
Poland
82%
Thailand
79%
Switzerland
70%
New Zealand
66%
Chad
63%
No matching quizzes found
Score Distribution
Percent of People with Each Score
Percentile by Number Answered
Your Score History
You have not taken this quiz since the last reset